Instrumentación electrónica
Αποθηκεύτηκε σε:
| Κύριοι συγγραφείς: | , , , , |
|---|---|
| Μορφή: | Βιβλίο |
| Γλώσσα: | Ισπανικά |
| Έκδοση: |
Madrid
Thomson
2004
|
| Έκδοση: | 2a. ed |
| Θέματα: | |
| Ετικέτες: |
Προσθήκη ετικέτας
Δεν υπάρχουν, Καταχωρήστε ετικέτα πρώτοι!
|
MARC
| LEADER | 00000cam a2200000 a 4500 | ||
|---|---|---|---|
| 001 | UCL9906 | ||
| 003 | CL-VaPUC | ||
| 008 | 040903e20040000SP |||||||||||||||||spa|d | ||
| 020 | |a 8497321669 | ||
| 082 | 0 | 4 | |a 621.381 |b PER |2 21 |
| 100 | 0 | |a Pérez García, Miguel A |e author |9 487814 | |
| 700 | 0 | |a Alvarez Antón, Juan C |e author |9 487815 | |
| 700 | 0 | |a Campo Rodríguez, Juan C |e author |9 487816 | |
| 700 | 0 | |a Ferrero Martín, Francisco Javier |e author |9 487817 | |
| 700 | 0 | |a Grillo Ortega, Gustavo J |e author |9 487818 | |
| 245 | 1 | 0 | |a Instrumentación electrónica |
| 250 | |a 2a. ed | ||
| 300 | |a 862 p | ||
| 942 | |c BK | ||
| 945 | |d 20040903 00:00:00 |a cmena | ||
| 260 | |a Madrid |b Thomson |c 2004 | ||
| 500 | |a Incluye Cd-Rom | ||
| 650 | 7 | |a INGENIERIA ELECTRONICA |2 CL-VaPUC |9 356858 | |
| 650 | 0 | |a Dispositivos electrónicos |9 355274 | |
| 650 | 0 | |a Amplificadores |9 338119 | |
| 650 | 0 | |a Circuitos electrónicos |9 260204 | |
| 650 | 0 | |a Transistores |9 260330 | |
| 583 | |a last modification |c 20170119 02:09:05 |k Rodrigo Vera | ||
| 999 | |c 310522 |d 310520 | ||
| 952 | |0 0 |1 0 |2 ddc |4 0 |6 621_381000000000000_PER_2004 |7 0 |8 A |9 379085 |a BIBING |b BIBING |c RES |d 2019-11-21 |i 4051904 |o 621.381 PER 2004 |p 4051904 |r 2025-01-20 |w 2019-11-21 |y BK |k EIE | ||
| 952 | |0 0 |1 0 |2 ddc |4 0 |6 621_381000000000000_PER_2004 |7 0 |8 A |9 379086 |a BIBING |b BIBING |c RES |d 2019-11-21 |i 4051912 |o 621.381 PER 2004 |p 4051912 |r 2025-01-20 |w 2019-11-21 |y BK |k EIE | ||
| 952 | |0 0 |1 0 |2 ddc |4 0 |6 621_381000000000000_PER_2004 |7 0 |8 A |9 379087 |a BIBING |b BIBING |c RES |d 2019-11-21 |i 4161068 |o 621.381 PER 2004 |p 4161068 |r 2025-01-20 |w 2019-11-21 |y BK |k EIE | ||
| 952 | |0 0 |1 0 |2 ddc |4 0 |6 621_381000000000000_PER_2004 |7 0 |8 A |9 379088 |a BIBING |b BIBING |c RES |d 2019-11-21 |i 4161076 |o 621.381 PER 2004 |p 4161076 |r 2025-01-20 |w 2019-11-21 |y BK |k EIE | ||
| 952 | |0 0 |1 0 |2 ddc |4 0 |6 621_381000000000000_PER_2004 |7 0 |8 A |9 379089 |a BIBING |b BIBING |c RES |d 2019-11-21 |i 4161084 |o 621.381 PER 2004 |p 4161084 |r 2025-01-20 |w 2019-11-21 |y BK |k EIE | ||
| 952 | |0 0 |1 0 |2 ddc |4 0 |6 621_381000000000000_PER_2004 |7 0 |8 A |9 379090 |a BIBING |b BIBING |c RES |d 2019-11-21 |i 4161092 |o 621.381 PER 2004 |p 4161092 |r 2025-01-20 |w 2019-11-21 |y BK |k EIE | ||
| 952 | |0 0 |1 0 |2 ddc |4 0 |6 621_381000000000000_PER_2004 |7 0 |8 A |9 379091 |a BIBING |b BIBING |c RES |d 2019-11-21 |i 4614003 |o 621.381 PER 2004 |p 4614003 |r 2025-01-20 |w 2019-11-21 |y BK |k EIE | ||
| 952 | |0 0 |1 0 |2 ddc |4 0 |6 621_381000000000000_PER_2004 |7 0 |8 A |9 379092 |a BIBING |b BIBING |c RES |d 2019-11-21 |i 465613K |o 621.381 PER 2004 |p 465613K |r 2025-01-20 |w 2019-11-21 |y BK |k EIE | ||
| 952 | |0 0 |1 0 |4 0 |6 621_381000000000000_PER_2004 |7 0 |8 A |9 379093 |a BIBMEC |b BIBMEC |d 2019-11-21 |i 4742532 |o 621.381 PER 2004 |p 4742532 |r 2024-01-19 |w 2019-11-21 |y BK |k MEC | ||
| 952 | |0 0 |1 0 |2 ddc |3 erb |4 0 |6 621_381000000000000_PER_2004 |7 0 |8 A |9 379094 |a BIBING |b BIBING |c RES |i 5361184 |o 621.381 PER 2004 |p 5361184 |r 2025-01-20 |w 2019-11-21 |y BK |z Catalogado en:20170119 |k EIE | ||